| 000 | 01068nam a2200229Ia 4500 | ||
|---|---|---|---|
| 003 | GCL | ||
| 008 | 140319s9999 xx 000 0 ara d | ||
| 040 |
_aGCL / _cGCL |
||
| 082 | 0 | 4 |
_a962.45 _bم د |
| 100 | 1 | _aمركز الدراسات السودانية | |
| 245 | 1 | 0 |
_aالديمقراطية فى السودان البعد التاريخى والوطن الراهن وافاق المستقبل : ابحاث ندوة تقييم التجارب الديمقراطية فى السودان القاهرة. 4 ـ 6 يوليو 1993 / _cمركز الدراسات السودانية |
| 700 | 1 | _aمركز الدراسات السياسية والاستراتيجية | |
| 260 |
_a[S.N] : _bمركز الدراسات السودانية ، _c1993 |
||
| 300 | _a498 ص | ||
| 490 |
_aمركز الدراسات السياسية والاستراتيجية _v0 |
||
| 650 | 0 | 4 | _aالاحوال السياسية |
| 650 | 0 | 4 | _aالسودان |
| 650 | 0 | 4 | _aتاريخ حديث |
| 650 | 0 | 4 | _aالديمقراطية |
| 650 | 0 | 4 | _aالاحزاب السياسية |
| 942 |
_2ddc _cBK |
||
| 999 |
_c54475 _d54475 |
||